000 00882cam a2200289 4500
001 WB3610-29
008 000000n2000 000 0 eng u
035 _a(Sirsi) u104735
245 _aBluetooth
260 _c2000
490 _aIndependent
_v 9 March 2000, 22(2)
520 _aBluetooth, a new worldwide specification for wireless connectivity may help improve communications between appliances such as mobile phones, palm-top computers and personal digital assistants.
590 _aWB
650 _aBLUETOOTH
650 _aMOBILE PHONES
650 _aCOMPUTERS
650 _aCOMMUNICATION
650 _aCABLE REPLACEMENT TECHNOLOGY
650 _aERICSSON
650 _aINTEL
650 _aIBM
650 _aTOSHIBA
650 _aNOKIA
650 _aWIRELESS TECHNOLOGY
690 _aMANAGEMENT-BUSINESS MANAGEMENT-INFORMATION MANAGEMENT
942 _n0
999 _c62830
_d62830